|
|
|
|
| LEADER |
00000cam a2200000 i 4500 |
| 001 |
1/60020 |
| 008 |
040909s2000 gr | ||| |||| ||gre|| |
| 020 |
|
|
|a 9602742976
|
| 035 |
|
|
|l 10074221
|
| 040 |
|
|
|a GR-MyUA
|b gre
|e AACR2
|
| 041 |
1 |
|
|a gre
|h fre
|
| 082 |
0 |
|
|a 843
|
| 100 |
1 |
|
|a Clement, Catherine
|d 1939-
|
| 245 |
1 |
3 |
|a Το παιχνίδι των θεών /
|c Κατρίν Κλεμάν ; μετάφραση Μαρία Χωρεάνθη.
|
| 260 |
|
|
|a Αθήνα :
|b Ψυχογιός,
|c 2000.
|
| 300 |
|
|
|a 682 σ. ;
|c 21 εκ.
|
| 500 |
|
|
|a Τίτλος πρωτοτύπου: Le voyage de theo.
|
| 650 |
0 |
0 |
|a French fiction.
|
| 700 |
1 |
|
|a Χωρεάνθη, Μαρία Κ.
|e trlf
|
| 852 |
|
|
|a INST
|b SAMOS
|e 20040909
|h 843 CLE
|p 005300023147
|q 005300023147
|t BK
|y 0
|
| 901 |
|
|
|a BIBL3-2004-3
|
| 909 |
|
|
|a Σ
|b 107507
|
| 922 |
|
|
|a 3ΕΛΗ
|b 200406
|c ΕΠΕΑΕΚ/ΤΜΠΕΣ
|d LEADER
|
| 970 |
|
|
|a ΠΟΥΡΝΑΡΑΣ
|b ΔΗΜΗΤΡΗΣ
|z 2004/09/09
|